[Event "Box Hill CC-ch"]
[Site "Box Hill"]
[Date "2000.06.09"]
[Round "6.5"]
[White "Small, David"]
[Black "Wilson, Norm"]
[Result "1-0"]
[WhiteElo "2160"]
[BlackElo "1660"]
[PlyCount "61"]
[EventDate "2000.??.??"]
[EventType "swiss"]
[EventRounds "9"]
[EventCountry "AUS"]
[SourceTitle "EXT 2003"]
[Source "ChessBase"]
[SourceDate "2002.11.25"]
[SourceVersion "1"]
[SourceVersionDate "2002.11.25"]
[SourceQuality "1"]

1. Nf3 Nf6 2. c4 e6 3. g3 c5 4. Bg2 Nc6 5. Nc3 d6 6. 0-0 Be7 7. d4 cxd4 8. Nxd4 Bd7 9. Ndb5 Qb8 10. Bf4 e5 11. Bg5 a6 12. Bxf6 gxf6 13. Na3 h5 14. Nd5 Qa7 15. Nc7+ Kd8 16. Nxa8 Qxa8 17. c5 Kc7 18. cxd6+ Bxd6 19. Nc4 Bc5 20. Qd5 Qf8 21. Rac1 Be6 22. Qd2 h4 23. Ne3 hxg3 24. hxg3 Qh6 25. Nd5+ Bxd5 26. Qxh6 Rxh6 27. Bxd5 Bd4 28. Rc2 Kd6 29. Bxc6 bxc6 30. Rfc1 Kd7 31. e3 1-0

[Event "Box Hill CC-ch"]
[Site "Box Hill"]
[Date "2000.05.26"]
[Round "4.2"]
[White "Small, David"]
[Black "Dragicevic, Domagoj"]
[Result "1-0"]
[WhiteElo "2160"]
[BlackElo "1836"]
[PlyCount "46"]
[EventDate "2000.??.??"]
[EventType "swiss"]
[EventRounds "9"]
[EventCountry "AUS"]
[SourceTitle "EXT 2003"]
[Source "ChessBase"]
[SourceDate "2002.11.25"]
[SourceVersion "1"]
[SourceVersionDate "2002.11.25"]
[SourceQuality "1"]

1. Nf3 c5 2. c4 Nc6 3. g3 e6 4. Nc3 d5 5. cxd5 exd5 6. d4 Nf6 7. Bg2 Be6 8. 0-0 a6 9. Bg5 cxd4 10. Nxd4 Be7 11. Nxc6 bxc6 12. Na4 0-0 13. Rc1 Rc8 14. Be3 Nd7 15. Qd2 Bd6 16. Nc5 Qe7 17. Qa5 Rb8 18. Nxe6 fxe6 19. Rxc6 Ne5 20. Rxa6 Nc4 21. Qc3 Rxb2 22. Ra7 Rb7 23. Rxb7 Qxb7 1-0

[Event "Box Hill CC-ch"]
[Site "Box Hill"]
[Date "2000.05.19"]
[Round "3.2"]
[White "Raine, Marcus"]
[Black "Small, David"]
[Result "1/2-1/2"]
[WhiteElo "1870"]
[BlackElo "2160"]
[PlyCount "56"]
[EventDate "2000.??.??"]
[EventType "swiss"]
[EventRounds "9"]
[EventCountry "AUS"]
[SourceTitle "EXT 2003"]
[Source "ChessBase"]
[SourceDate "2002.11.25"]
[SourceVersion "1"]
[SourceVersionDate "2002.11.25"]
[SourceQuality "1"]

1. Nf3 Nf6 2. d4 c5 3. d5 g6 4. g3 Bg7 5. Bg2 d6 6. 0-0 0-0 7. a4 Na6 8. Nc3 Nc7 9. e4 Bg4 10. h3 Bxf3 11. Qxf3 Rb8 12. Qe2 Nd7 13. f4 b6 14. Nb5 Rb7 15. Na3 Rb8 16. Nc4 Nf6 17. Rd1 Nfe8 18. e5 Qd7 19. Kh2 a6 20. c3 Kh8 21. h4 f5 22. e6 Qd8 23. a5 b5 24. Nb6 Nf6 25. Bf3 h5 26. Be3 Na8 27. Nxa8 Rxa8 28. b4 c4 1/2-1/2

[Event "Box Hill Autumn Cup"]
[Site "Box Hill"]
[Date "2000.03.10"]
[Round "6.1"]
[White "Gluzman, Mikhail"]
[Black "Small, David"]
[Result "1-0"]
[WhiteElo "2358"]
[BlackElo "2040"]
[PlyCount "82"]
[EventDate "2000.??.??"]
[EventType "swiss"]
[EventRounds "9"]
[EventCountry "AUS"]
[SourceTitle "EXT 2003"]
[Source "ChessBase"]
[SourceDate "2002.11.25"]
[SourceVersion "1"]
[SourceVersionDate "2002.11.25"]
[SourceQuality "1"]

1. e4 c6 2. d4 d5 3. Nc3 dxe4 4. f3 e5 5. Bc4 Qxd4 6. Qe2 Bb4 7. Bd2 e3 8. Bxe3 Bxc3+ 9. Kf2 Qh4+ 10. g3 Qe7 11. bxc3 Nf6 12. Kg2 0-0 13. Nh3 Bxh3+ 14. Kxh3 Nbd7 15. Rhe1 Rfe8 16. Kg2 b5 17. Bd3 Nc5 18. Qf2 Nxd3 19. cxd3 Qa3 20. Rac1 Qd6 21. Red1 Qe6 22. c4 a6 23. Rd2 b4 24. a3 bxa3 25. Rc3 Nd7 26. Rxa3 f5 27. Ra5 Nf6 28. Qe2 e4 29. dxe4 fxe4 30. f4 Ng4 31. Rd4 Rab8 32. Bc1 Rb1 33. Ba3 Reb8 34. Rxe4 Qd7 35. Re7 Qc8 36. Rg5 g6 37. Rxg4 R1b3 38. Qe5 Qf8 39. Rxg6+ hxg6 40. Qe6+ Kh8 41. Qh3+ Kg8 1-0